Challenges facing development in Africa vol 2/ (Record no. 14312)
[ view plain ]
| 000 -LEADER | |
|---|---|
| fixed length control field | 00525nam a2200181Ia 4500 |
| 003 - CONTROL NUMBER IDENTIFIER | |
| control field | OSt |
| 005 - DATE AND TIME OF LATEST TRANSACTION | |
| control field | 20240703160837.0 |
| 008 - FIXED-LENGTH DATA ELEMENTS--GENERAL INFORMATION | |
| fixed length control field | 151021s9999 xx 000 0 und d |
| 020 ## - INTERNATIONAL STANDARD BOOK NUMBER | |
| International Standard Book Number | 9966854509 |
| 040 ## - CATALOGING SOURCE | |
| Transcribing agency | MMU |
| Original cataloging agency | MMU |
| Language of cataloging | eng |
| Modifying agency | MMU |
| 050 ## - LIBRARY OF CONGRESS CALL NUMBER | |
| Classification number | HC800 .N43 2011 |
| 245 ## - TITLE STATEMENT | |
| Title | Challenges facing development in Africa vol 2/ |
| Statement of responsibility, etc. | edited by Anne Nangulu |
| 260 ## - PUBLICATION, DISTRIBUTION, ETC. (IMPRINT) | |
| Place of publication, distribution, etc. | Eldoret: |
| Name of publisher, distributor, etc. | Moi university , |
| Date of publication, distribution, etc. | 2011 . |
| 300 ## - PHYSICAL DESCRIPTION | |
| Extent | xxvi, 243 p. : |
| 650 ## - SUBJECT ADDED ENTRY--TOPICAL TERM | |
| Topical term or geographic name as entry element | Development challenges in Africa |
| 9 (RLIN) | 698 |
| 700 ## - ADDED ENTRY--PERSONAL NAME | |
| Personal name | |
| 942 ## - ADDED ENTRY ELEMENTS (KOHA) | |
| Source of classification or shelving scheme | Library of Congress Classification |
| Koha item type | L |
| Withdrawn status | Lost status | Source of classification or shelving scheme | Damaged status | Not for loan | Home library | Current library | Date acquired | Source of acquisition | Cost, normal purchase price | Total Checkouts | Full call number | Barcode | Date last seen | Date last checked out | Price effective from | Koha item type |
|---|---|---|---|---|---|---|---|---|---|---|---|---|---|---|---|---|
| Library of Congress Classification | Maasai Mara University Library -Main Campus | Maasai Mara University Library -Main Campus | 02/03/2016 | Purchased | 1500.00 | 1 | HC800 .N36 2011 | 201313539 | 09/23/2016 | 02/18/2016 | 02/03/2016 | SL | ||||
| Library of Congress Classification | Maasai Mara University Library -Main Campus | Maasai Mara University Library -Main Campus | 02/29/2016 | Purchased | 1500.00 | HC 800 .N36 2011 | 201313537 | 02/29/2016 | 02/29/2016 | SL | ||||||
| Library of Congress Classification | Maasai Mara University Library -Main Campus | Maasai Mara University Library -Main Campus | 09/05/2019 | Purchased | 1500.00 | HC800 .C43 2011 | 201313540 | 09/05/2019 | 09/05/2019 | L |